[Event "SRB-chT2 East"]
[Site "Serbia"]
[Date "2017.10.08"]
[Round "11.3"]
[White "Ivanovic, Veljko"]
[Black "Dubravcic, Nikola"]
[Result "1-0"]
[WhiteElo "1962"]
[BlackElo "1823"]
[PlyCount "29"]
[EventDate "2017.09.08"]
[EventType "team-tourn"]
[EventRounds "11"]
[EventCountry "SRB"]
[SourceTitle "EXT 2022"]
[Source "ChessBase"]
[SourceDate "2021.10.06"]
[SourceVersion "1"]
[SourceVersionDate "2021.10.06"]
[SourceQuality "1"]

1. d4 d5 2. c4 dxc4 3. e3 Nf6 4. Nc3 e6 5. Nf3 Nbd7 6. Bxc4 Bd6 7. 0-0 0-0 8. e4 e5 9. Bg5 c6 10. d5 Qb6 11. dxc6 Qxc6 12. Qe2 a6 13. Rac1 b5 14. Nxb5 axb5 15. Bxf7+ 1-0

[Event "SRB-chT2 East"]
[Site "Serbia"]
[Date "2017.10.06"]
[Round "8.3"]
[White "Pantic, Dejan"]
[Black "Ivanovic, Veljko"]
[Result "1/2-1/2"]
[WhiteElo "1830"]
[BlackElo "1962"]
[PlyCount "43"]
[EventDate "2017.09.08"]
[EventType "team-tourn"]
[EventRounds "11"]
[EventCountry "SRB"]
[SourceTitle "EXT 2022"]
[Source "ChessBase"]
[SourceDate "2021.10.06"]
[SourceVersion "1"]
[SourceVersionDate "2021.10.06"]
[SourceQuality "1"]

1. e4 c5 2. g3 g6 3. Bg2 Bg7 4. c3 Nc6 5. Ne2 d6 6. 0-0 Nf6 7. d4 cxd4 8. Nxd4 Bd7 9. h3 0-0 10. Be3 a6 11. Nd2 Rc8 12. Rc1 Nxe4 13. Qe2 Qc7 14. f4 Rfe8 15. Nxc6 Bxc6 16. Bxe4 e5 17. fxe5 dxe5 18. Bf2 Rcd8 19. Qc4 Bh6 20. Rcd1 b5 21. Qe2 Ba8 22. Nf3 1/2-1/2

[Event "Niska Banja op"]
[Site "Niska Banja"]
[Date "2017.04.01"]
[Round "3"]
[White "Ivanovic, Veljko"]
[Black "Maksimovic, Branimir"]
[Result "0-1"]
[WhiteElo "2000"]
[BlackElo "2340"]
[PlyCount "76"]
[EventDate "2017.03.30"]
[EventType "swiss"]
[EventRounds "5"]
[EventCountry "SRB"]
[SourceTitle "CBM 177 Extra"]
[Source "ChessBase"]
[SourceDate "2017.04.27"]
[SourceVersion "1"]
[SourceVersionDate "2017.04.27"]
[SourceQuality "1"]

1. d4 Nf6 2. c4 d6 3. Nf3 c6 4. Nc3 Bg4 5. h3 Bxf3 6. exf3 g6 7. Qb3 Qc7 8. Bf4 Bg7 9. Rd1 0-0 10. Be2 Nbd7 11. 0-0 Qb6 12. Qxb6 Nxb6 13. Rfe1 Rfe8 14. Bf1 d5 15. b3 e6 16. Be5 Nfd7 17. Bxg7 Kxg7 18. f4 a6 19. g4 Rad8 20. c5 Na8 21. Re3 Nc7 22. Rde1 Nxc5 23. dxc5 d4 24. Rd3 dxc3 25. Rxc3 Rd4 26. Rc4 Red8 27. f5 Kf6 28. fxg6 fxg6 29. Rxd4 Rxd4 30. Bc4 g5 31. Re3 h6 32. Rf3+ Ke7 33. Rd3 Rxd3 34. Bxd3 Kf6 35. Kg2 Ke5 36. Bf1 a5 37. a3 Nd5 38. Kf3 Kd4 0-1

[Event "SRB-chT CS U16-U20"]
[Site "Kraljevo"]
[Date "2017.02.11"]
[Round "5.3"]
[White "Ivanovic, Veljko"]
[Black "Gajic, Aleksandar"]
[Result "1/2-1/2"]
[WhiteElo "1965"]
[BlackElo "1836"]
[PlyCount "50"]
[EventDate "2017.02.09"]
[EventType "team-swiss"]
[EventRounds "7"]
[EventCountry "SRB"]
[SourceTitle "EXT 2021"]
[Source "ChessBase"]
[SourceDate "2020.10.23"]
[SourceVersion "1"]
[SourceVersionDate "2020.10.23"]
[SourceQuality "1"]

1. d4 d5 2. c4 c6 3. cxd5 cxd5 4. Bf4 Nc6 5. e3 Qb6 6. Nc3 e5 7. dxe5 Qxb2 8. Nxd5 Bb4+ 9. Nxb4 Qc3+ 10. Ke2 Nxb4 11. Rc1 Qa3 12. f3 Nxa2 13. Kf2 Nxc1 14. Bb5+ Ke7 15. Kg3 Be6 16. Nh3 Nb3 17. Qc2 Qc5 18. Qe2 h5 19. Rd1 Rc8 20. Bg5+ f6 21. Nf4 Qxe5 22. Kf2 Qxg5 23. Nxe6 Qh4+ 24. Kg1 Rc1 25. Nf4 Rh6 1/2-1/2

[Event "SRB-chT2 East CS"]
[Site "Kragujevac"]
[Date "2016.10.07"]
[Round "8.6"]
[White "Dubravcic, Nikola"]
[Black "Ivanovic, Veljko"]
[Result "0-1"]
[WhiteElo "1823"]
[BlackElo "1910"]
[PlyCount "114"]
[EventDate "2016.08.26"]
[EventType "team-tourn"]
[EventRounds "11"]
[EventCountry "SRB"]
[SourceTitle "EXT 2021"]
[Source "ChessBase"]
[SourceDate "2020.10.23"]
[SourceVersion "1"]
[SourceVersionDate "2020.10.23"]
[SourceQuality "1"]

1. e4 c5 2. Nf3 d6 3. Bb5+ Bd7 4. Bxd7+ Qxd7 5. 0-0 Nc6 6. c3 Nf6 7. Re1 g6 8. d4 cxd4 9. cxd4 Bg7 10. Nc3 0-0 11. Be3 Na5 12. Qd3 Rac8 13. b3 Nc6 14. Rac1 Nb4 15. Qd1 Rc7 16. a3 Rfc8 17. Qd2 Na6 18. Qd3 Nb8 19. h3 b6 20. Bd2 e6 21. Rc2 d5 22. Ne5 dxe4 23. Rxe4 Qd8 24. Re2 Nd5 25. Nc4 Nxc3 26. Bxc3 Qd5 27. Bb2 Nd7 28. Rcd2 Bh6 29. Rd1 Bf4 30. Re4 Bh6 31. a4 Rd8 32. Qf3 Nc5 33. Rde1 Nxe4 34. Rxe4 Bg7 35. Qe3 b5 36. axb5 Qxb5 37. Ba3 Qa6 38. Bb4 Rxd4 39. Qg5 Rcd7 40. Rxd4 Bxd4 41. Qh6 Bg7 42. Qf4 Qc8 43. Ne5 Rb7 44. Bd6 Qe8 45. Qf3 Rb6 46. Bc7 Rb5 47. Nc4 Rf5 48. Qe4 Rd5 49. Ne3 Rd7 50. Ba5 Qb8 51. Qc6 Qb7 52. Qc4 h6 53. Ng4 Rd1+ 54. Kh2 h5 55. Ne3 Be5+ 56. f4 Rd4 57. Qf1 Rxf4 0-1

[Event "SRB-chT2 East CS"]
[Site "Kragujevac"]
[Date "2016.10.06"]
[Round "6.2"]
[White "Petrovic, Tijana"]
[Black "Ivanovic, Veljko"]
[Result "0-1"]
[WhiteElo "1811"]
[BlackElo "1910"]
[PlyCount "92"]
[EventDate "2016.08.26"]
[EventType "team-tourn"]
[EventRounds "11"]
[EventCountry "SRB"]
[SourceTitle "EXT 2021"]
[Source "ChessBase"]
[SourceDate "2020.10.23"]
[SourceVersion "1"]
[SourceVersionDate "2020.10.23"]
[SourceQuality "1"]

1. e4 c5 2. Nf3 d6 3. d4 cxd4 4. Nxd4 Nf6 5. Nc3 a6 6. Be3 e6 7. Qd2 Be7 8. f3 Qc7 9. 0-0-0 0-0 10. g4 b5 11. h4 Nfd7 12. g5 Ne5 13. Qg2 Nbc6 14. f4 Nxd4 15. Bxd4 Nc6 16. Be3 Bb7 17. h5 Rac8 18. g6 Bf6 19. gxh7+ Kxh7 20. f5 Bxc3 21. bxc3 exf5 22. Rg1 Rg8 23. Qg6+ Kh8 24. Qxf5 Ne5 25. Bd4 b4 26. h6 g6 27. Qf6+ Kh7 28. Bxe5 dxe5 29. Bh3 Rcf8 30. Rd7 Qxc3 31. Rxf7+ Rxf7 32. Qxf7+ Kxh6 33. Qxg8 Qe3+ 34. Kb2 Qd4+ 35. Kb1 Qxg1+ 36. Kb2 Qd4+ 37. Kb1 Bxe4 38. Qf8+ Kh5 39. Qf1 Qd2 40. Qc4 Qd1+ 41. Kb2 Qd4+ 42. Qxd4 exd4 43. Bf1 a5 44. Kb3 g5 45. Kc4 Bxc2 46. Kxd4 a4 0-1

[Event "SRB Central-ch op-B 9th"]
[Site "Paracin"]
[Date "2016.07.14"]
[Round "9"]
[White "Radovic, Goran"]
[Black "Ivanovic, Veljko"]
[Result "1/2-1/2"]
[WhiteElo "1946"]
[BlackElo "1936"]
[PlyCount "73"]
[EventDate "2016.07.07"]
[EventType "swiss"]
[EventRounds "9"]
[EventCountry "SRB"]
[SourceTitle "CBM 173 Extra"]
[Source "ChessBase"]
[SourceDate "2016.08.29"]
[SourceVersion "1"]
[SourceVersionDate "2016.08.29"]
[SourceQuality "1"]

1. e4 c5 2. Nc3 d6 3. f4 Nc6 4. Nf3 g6 5. Bc4 Bg7 6. f5 Nh6 7. d3 gxf5 8. Bxh6 Bxh6 9. Nh4 e6 10. Qh5 Qg5 11. Qxg5 Bxg5 12. Nf3 Be3 13. exf5 a6 14. fxe6 fxe6 15. Nd1 Bh6 16. c3 Na5 17. Bb3 Nxb3 18. axb3 b5 19. Nf2 Bb7 20. Ng4 Bxf3 21. gxf3 Bf4 22. Nf6+ Kf7 23. Nh5 Bh6 24. Ra5 Ra7 25. Ke2 Rha8 26. Rg1 Rg8 27. Raa1 Raa8 28. Rg3 a5 29. Rxg8 Rxg8 30. Ng3 Ra8 31. Ne4 Bf4 32. h3 Rg8 33. Rxa5 Rg2+ 34. Kf1 Rxb2 35. Rxb5 Rb1+ 36. Ke2 Rb2+ 37. Kf1 1/2-1/2

[Event "SRB-ch U18"]
[Site "Kragujevac"]
[Date "2016.05.06"]
[Round "6"]
[White "Ivanovic, Veljko"]
[Black "Radovic, Janko"]
[Result "1/2-1/2"]
[WhiteElo "1933"]
[BlackElo "2311"]
[PlyCount "58"]
[EventDate "2016.05.02"]
[EventType "swiss"]
[EventRounds "9"]
[EventCountry "SRB"]
[SourceTitle "CBM 172 Extra"]
[Source "ChessBase"]
[SourceDate "2016.06.21"]
[SourceVersion "1"]
[SourceVersionDate "2016.06.21"]
[SourceQuality "1"]

1. d4 Nf6 2. c4 c5 3. d5 b5 4. Nd2 bxc4 5. e4 d6 6. Bxc4 g6 7. Ngf3 Bg7 8. 0-0 0-0 9. Rb1 Nbd7 10. b3 Nb6 11. Re1 Nxc4 12. Nxc4 Ba6 13. Nfd2 Re8 14. Bb2 e6 15. dxe6 Rxe6 16. e5 dxe5 17. Rxe5 Rxe5 18. Bxe5 Bb7 19. Nd6 Bd5 20. Qc2 Ng4 21. Bg3 Bd4 22. N2e4 f5 23. Qe2 Ne5 24. Rd1 Qe7 25. Nc3 Bxc3 26. Rxd5 Nf3+ 27. Kf1 Qxe2+ 28. Kxe2 Nd4+ 29. Kd3 Bb4 1/2-1/2

[Event "Nis Pantelej op 3rd"]
[Site "Nis"]
[Date "2015.08.04"]
[Round "2"]
[White "Livaja, Mario"]
[Black "Ivanovic, Veljko"]
[Result "1-0"]
[WhiteElo "2230"]
[BlackElo "1912"]
[PlyCount "29"]
[EventDate "2015.08.04"]
[EventType "swiss"]
[EventRounds "9"]
[EventCountry "SRB"]
[SourceTitle "EXT 2016"]
[Source "ChessBase"]
[SourceDate "2015.10.08"]
[SourceVersion "1"]
[SourceVersionDate "2015.10.08"]
[SourceQuality "1"]

1. d4 Nf6 2. c4 e6 3. Nc3 Bb4 4. e3 0-0 5. Bd3 b6 6. e4 Bb7 7. Bg5 h6 8. h4 Be7 9. e5 Nh7 10. Qg4 Kh8 11. Nf3 d6 12. 0-0-0 Nd7 13. d5 exd5 14. Bxh6 Rg8 15. Bxh7 1-0

[Event "Grocka op"]
[Site "Grocka"]
[Date "2015.07.24"]
[Round "2"]
[White "Ivanovic, Veljko"]
[Black "Masic, Predrag"]
[Result "1/2-1/2"]
[WhiteElo "1905"]
[BlackElo "2364"]
[PlyCount "54"]
[EventDate "2015.07.23"]
[EventType "swiss"]
[EventRounds "9"]
[EventCountry "SRB"]
[SourceTitle "EXT 2016"]
[Source "ChessBase"]
[SourceDate "2015.10.08"]
[SourceVersion "1"]
[SourceVersionDate "2015.10.08"]
[SourceQuality "1"]

1. d4 Nf6 2. c4 e6 3. Nf3 b6 4. g3 Bb7 5. Bg2 Be7 6. 0-0 0-0 7. Nc3 Ne4 8. Qc2 Nxc3 9. Qxc3 c5 10. dxc5 bxc5 11. Qc2 Nc6 12. b3 d6 13. Bb2 a5 14. Rfd1 Qb6 15. e4 e5 16. Ne1 a4 17. Bc3 Bc8 18. Rdb1 Be6 19. Bf1 Rfb8 20. Nf3 h6 21. h4 Qa6 22. Be2 Rb6 23. Bd1 Nd4 24. Nxd4 exd4 25. Bb2 Rab8 26. Bc1 Ra8 27. Bb2 Rab8 1/2-1/2

[Event "Nis op-B"]
[Site "Nis"]
[Date "2015.04.24"]
[Round "7"]
[White "Ivanovic, Veljko"]
[Black "Arandjelovic, Aleksandar Z"]
[Result "0-1"]
[WhiteElo "1978"]
[BlackElo "2071"]
[PlyCount "108"]
[EventDate "2015.04.20"]
[EventType "swiss"]
[EventRounds "9"]
[EventCountry "SRB"]
[SourceTitle "CBM 166 Extra"]
[Source "ChessBase"]
[SourceDate "2015.06.18"]
[SourceVersion "1"]
[SourceVersionDate "2015.06.18"]
[SourceQuality "1"]

1. Nf3 Nf6 2. b3 d6 3. d4 g6 4. Bb2 Bg7 5. e3 0-0 6. Be2 Nbd7 7. 0-0 e5 8. c4 a5 9. Nc3 e4 10. Nd2 Re8 11. Qc2 Qe7 12. a3 c6 13. b4 axb4 14. axb4 Rb8 15. b5 c5 16. d5 Nb6 17. Na4 Nxa4 18. Rxa4 Bf5 19. Ra7 h5 20. b6 Kh7 21. Rfa1 Bh6 22. Bxf6 Qxf6 23. R1a3 Bg7 24. Qb1 Qd8 25. Bd1 Be5 26. Bc2 Qh4 27. g3 Qe7 28. Bxe4 Bd7 29. Bg2 h4 30. Nf3 Bf6 31. Nxh4 Bxh4 32. gxh4 Qxh4 33. e4 Kg7 34. Qd3 Rh8 35. Qg3 Qf6 36. Qc3 Rh5 37. Qxf6+ Kxf6 38. f4 Ke7 39. h3 g5 40. fxg5 Rxg5 41. Kf1 Rbg8 42. Ra2 Rxg2 43. Rxg2 Bxh3 44. Rxb7+ Kf6 45. Kf2 Rxg2+ 46. Ke3 Rb2 47. Rb8 Bf1 48. b7 Ke7 49. Kf4 Bxc4 50. Kf5 Bd3 51. Kf4 Ba6 52. Ra8 Bxb7 53. Rb8 c4 54. Ke3 c3 0-1

[Event "SRB-chT2 South"]
[Site "Nis"]
[Date "2013.10.20"]
[Round "6.1"]
[White "Jovanovic, Dragoslav"]
[Black "Ivanovic, Veljko"]
[Result "1-0"]
[WhiteElo "2027"]
[BlackElo "1770"]
[PlyCount "81"]
[EventDate "2013.10.17"]
[EventType "team-swiss"]
[EventRounds "8"]
[EventCountry "SRB"]
[SourceTitle "EXT 2015"]
[Source "ChessBase"]
[SourceDate "2014.11.20"]
[SourceVersion "1"]
[SourceVersionDate "2014.11.20"]
[SourceQuality "1"]

1. d4 Nf6 2. c4 g6 3. Nc3 Bg7 4. g3 0-0 5. Bg2 c6 6. Nf3 d5 7. cxd5 Nxd5 8. 0-0 Nd7 9. Qb3 N7b6 10. Rd1 Nxc3 11. bxc3 Be6 12. Qc2 Qc8 13. e3 Nc4 14. a4 b6 15. Qd3 a6 16. Ng5 Na5 17. Nxe6 Qxe6 18. Ba3 Rfd8 19. Rab1 b5 20. Bb4 Nc4 21. a5 Be5 22. Qe4 Rac8 23. dxe5 Nd2 24. Qh4 Nxb1 25. Rxb1 Qxe5 26. Bxe7 Rd2 27. Bf6 Qf5 28. Rf1 Qh5 29. Qxh5 gxh5 30. Bf3 Ra2 31. Bxh5 Rxa5 32. Rd1 b4 33. Bg4 Rb8 34. cxb4 Rab5 35. Be7 a5 36. bxa5 Rxa5 37. Rd4 Ra2 38. Bf5 Kg7 39. Rg4+ Kh6 40. Bg5+ Kh5 41. Bf4 1-0

[Event "SRB-chT2 South"]
[Site "Nis"]
[Date "2013.10.19"]
[Round "4.8"]
[White "Ivanovic, Veljko"]
[Black "Veselinov, Ivica"]
[Result "1/2-1/2"]
[WhiteElo "1770"]
[BlackElo "1949"]
[PlyCount "59"]
[EventDate "2013.10.17"]
[EventType "team-swiss"]
[EventRounds "8"]
[EventCountry "SRB"]
[SourceTitle "EXT 2014"]
[Source "ChessBase"]
[SourceDate "2013.11.20"]
[SourceVersion "1"]
[SourceVersionDate "2013.11.20"]
[SourceQuality "1"]

1. d4 Nf6 2. c4 c5 3. d5 g6 4. Nc3 d6 5. e4 Bg7 6. f4 0-0 7. h3 Re8 8. Nf3 e6 9. dxe6 Bxe6 10. Bd3 d5 11. e5 Nh5 12. cxd5 Bxd5 13. 0-0 Ng3 14. Re1 Be6 15. Be3 c4 16. Be4 Qc8 17. Kh2 Nxe4 18. Nxe4 Rd8 19. Nd6 Qd7 20. Nxb7 Re8 21. Qxd7 Nxd7 22. Nd6 Reb8 23. Rab1 Bd5 24. Rec1 Bxf3 25. gxf3 Nxe5 26. fxe5 Bxe5+ 27. Kg2 Bxd6 28. Rxc4 Be5 29. Bd4 Bxd4 30. Rxd4 1/2-1/2

[Event "SRB-chT2 South"]
[Site "Nis"]
[Date "2013.10.18"]
[Round "2.8"]
[White "Ivanovic, Veljko"]
[Black "Petrovic, Dusan"]
[Result "1-0"]
[WhiteElo "1770"]
[BlackElo "1674"]
[PlyCount "83"]
[EventDate "2013.10.17"]
[EventType "team-swiss"]
[EventRounds "8"]
[EventCountry "SRB"]
[SourceTitle "EXT 2014"]
[Source "ChessBase"]
[SourceDate "2013.11.20"]
[SourceVersion "1"]
[SourceVersionDate "2013.11.20"]
[SourceQuality "1"]

1. d4 Nf6 2. c4 e5 3. dxe5 Ng4 4. Nf3 Bc5 5. e3 Nc6 6. a3 a5 7. b3 Ngxe5 8. Bb2 d6 9. Bd3 Qf6 10. Nxe5 Nxe5 11. Nc3 Bg4 12. Qc2 Nxd3+ 13. Qxd3 Bf5 14. Qd2 Qg6 15. g3 Be4 16. Nxe4 Qxe4 17. 0-0 0-0 18. Qc3 f6 19. b4 axb4 20. axb4 Ba7 21. Ra3 b5 22. Rfa1 Qb7 23. cxb5 Bb6 24. Qc6 Qxc6 25. bxc6 Rxa3 26. Rxa3 Kf7 27. Bd4 Bxd4 28. exd4 Ke6 29. Re3+ Kf7 30. d5 Rb8 31. Ra3 f5 32. Ra7 Rc8 33. b5 Kf6 34. f4 Rb8 35. Rb7 Rc8 36. Rxc7 Rxc7 37. b6 Rc8 38. b7 Rb8 39. c7 Rxb7 40. c8Q Rb1+ 41. Kf2 Rb2+ 42. Ke3 1-0